书目信息 |
| 题名: |
酶的生产与应用
|
|
| 作者: | 郭勇 编著 | |
| 分册: | ||
| 出版信息: | 北京 化学工业出版社 2003 |
|
| 页数: | 243页 | |
| 开本: | 26cm | |
| 丛书名: | 实用生物技术丛书 | |
| 单 册: | ||
| 中图分类: | Q814 | |
| 科图分类: | ||
| 主题词: | 酶--生物工程 , 酶 , 生物工程 | |
| 电子资源: | ||
| ISBN: | 7-5025-4752-5 | |
| 000 | 00865oam2 2200277 450 | |
| 001 | 012007312545 | |
| 005 | 20070522170639.35 | |
| 010 | @a7-5025-4752-5@dCNY35.00 | |
| 100 | @a20070515d2003 km y0chiy0120 ea | |
| 101 | 0 | @achi |
| 102 | @aCN@b110000 | |
| 105 | @ay z 000yy | |
| 106 | @ar | |
| 200 | 1 | @a酶的生产与应用@Amei de sheng chan yu ying yong@f郭勇编著@Fguo yong bian zhu |
| 210 | @a北京@c化学工业出版社@d2003 | |
| 215 | @a243页@d26cm | |
| 225 | 2 | @a实用生物技术丛书 |
| 330 | @a本书介绍了酶的生产与应用的基本理论、基本技术以及酶在医药、食品、轻工、化工、能源、环保、检测和生物技术等领域实际应用最新进展和发展趋势。 | |
| 461 | 0 | @12001 @a实用生物技术丛书 |
| 606 | 0 | @a酶@x生物工程 |
| 606 | 0 | @a酶 |
| 606 | 0 | @a生物工程 |
| 690 | @aQ814@v4 | |
| 701 | 0 | @a郭勇@Aguo yong@c(教授)@4编著 |
| 801 | 0 | @aCN@bRULIN@c20070522 |
| 905 | @dQ814@e101@s8 | |
| 酶的生产与应用/郭勇编著.-北京:化学工业出版社,2003 |
| 243页;26cm.-(实用生物技术丛书) |
| ISBN 7-5025-4752-5:CNY35.00 |
| 本书介绍了酶的生产与应用的基本理论、基本技术以及酶在医药、食品、轻工、化工、能源、环保、检测和生物技术等领域实际应用最新进展和发展趋势。 |
| ● |
| 相关链接 |
|
|
|
|
正题名:酶的生产与应用
索取号:Q814/101
 
预约/预借
| 序号 | 登录号 | 条形码 | 馆藏地/架位号 | 状态 | 备注 |
| 1 | 0574385 | 205743855 | 第二样本阅览室/ [索取号:Q814/101] | 在馆 | |
| 2 | 0574386 | 205743864 | 第三借阅区/ [索取号:Q814/101] | 在馆 | |
| 3 | 0574387 | 205743873 | 第三借阅区/ [索取号:Q814/101] | 在馆 | |
| 4 | 0574388 | 205743882 | 第三借阅区/ [索取号:Q814/101] | 在馆 | |
| 5 | 0574389 | 205743891 | 第三借阅区/ [索取号:Q814/101] | 在馆 | |
| 6 | 0574390 | 205743908 | 第三借阅区/ [索取号:Q814/101] | 在馆 | |
| 7 | 0574391 | 205743917 | 第三借阅区/ [索取号:Q814/101] | 在馆 | |
| 8 | 0574392 | 205743926 | 第三借阅区/ [索取号:Q814/101] | 在馆 |